Crowdfunding – nové příležitosti a regulatorní implikace

Pojem crowdfunding. Typy crowdfundingu. Jeho riziká.

Na minha lista:
Detalhes bibliográficos
Autor principal: Husták, Zdeněk
Formato: Capítulo de Livro
Idioma:tcheco
Assuntos:
Tags: Adicionar Tag
Sem tags, seja o primeiro a adicionar uma tag!

MARC

LEADER 00000naa a2200000 4500
001 0201703
005 20221019164552.8
041 0 |a cze 
044 |a SK 
245 1 0 |a Crowdfunding – nové příležitosti a regulatorní implikace  |c Zdeněk Husták 
520 |a Pojem crowdfunding. Typy crowdfundingu. Jeho riziká. 
610 2 0 |a trh finančný 
610 2 0 |a internet 
610 2 0 |a siete sociálne 
610 2 0 |a systémy informačné 
610 2 0 |a investície 
100 1 |a Husták, Zdeněk